Logos de marques par lettre - M - Statistiques

Statistiques générales
  • Ce quiz a été pris 57 215 fois
    55 619 depuis la dernière actualisation
  • Le résultat moyen est 13 sur 16
Statistiques - réponses
Par images Hint Réponse % Correct
Restauration McDonald's
99%
Boisson Monster
99%
Divertissement Monopoly
98%
Automobile Mercedes-Benz
97%
Technologie Microsoft
97%
Produit ménager Mr. Propre
97%
Pneumatique Michelin
96%
Finance Mastercard
86%
Automobile Mini
81%
Technologie Meta
67%
Automobile Maserati
65%
Grande surface Monoprix
65%
Automobile Mitsubishi
64%
Électroménager Moulinex
58%
Jeux vidéo Micromania
57%
Automobile Mustang
57%
Aucun quiz correspondant
Distribution des résultats
% des personnes avec chaque résultat
Percentile par nombre de réponses
Votre historique - résultats
Vous n’avez pas pris ce quiz depuis la dernière actualisation